Countries of French Open Winners (Female) - Statistics

General Stats
  • This quiz has been taken 43 times
  • The average score is 14 of 19
Answer Stats
Number of Wins Answer % Correct
4 Russia
100%
4 Spain
100%
29 United States
100%
30 France
97%
1 Italy
97%
8 Australia
92%
3 Germany
92%
1 Serbia
92%
4 Belgium
86%
2 Romania
78%
1 China
73%
1 Czechoslovakia
68%
1 Netherlands
68%
1 Croatia
65%
8 Great Britain
59%
1 Hungary
57%
4 Yugoslavia
43%
1 Latvia
38%
2 West Germany
19%
No matching quizzes found
Score Distribution
Percent of People with Each Score
Percentile by Number Answered
Your Score History
You have not taken this quiz